Largest Cities That Start With A On A Map - Statistics

General Stats
  • This quiz has been taken 710 times
  • The average score is 15 of 20
Answers on the Map
Answers color-coded by a green-red scale on the quiz's map according to % correct below.
 
Answer Stats
City Population % Correct
Ankara 5,215,747
98%
Athens 3,153,255
98%
Algiers 2,809,158
97%
Alexandria 5,381,101
94%
Addis Ababa 5,005,524
91%
Asunción 3,394,309
91%
Auckland 1,630,092
90%
Accra 2,556,972
89%
Amman 2,181,151
88%
Abuja 3,464,123
87%
Antananarivo 3,531,387
85%
Aleppo 2,003,671
74%
Ahmedabad 8,253,226
72%
Abidjan 5,354,826
71%
Almaty 1,927,612
70%
Agra 2,261,561
64%
Adana 1,792,565
35%
Anshan 1,647,001
25%
Anyang 1,524,622
17%
Aurangabad 1,599,927
16%
No matching quizzes found
Score Distribution
Percent of People with Each Score
Percentile by Number Answered
Your Score History
You have not taken this quiz